| 000 | 00459nam a22001217a 4500 | ||
|---|---|---|---|
| 999 |
_c9861 _d9861 |
||
| 003 | OSt | ||
| 008 | 201203b ||||| |||| 00| 0 eng d | ||
| 245 | _aThe ICFAI University journal of business strategy : IJBS | ||
| 250 | _a2015(Mar Vol.12 No.1, Jun Vol.12 No.2, Dec Vol.12 No.4) 2016(Mar Vol.13 No.1, Jun Vol.13 No.2, Sep Vol.13 No.3, Dec Vol.13 No.4) | ||
| 260 |
_bICFAI University Press _aHyderabad, Andhra Pradesh |
||
| 650 | _aManagement | ||
| 942 |
_2ddc _cBV |
||